| 000 | 01092cam a2200253 a 4500 | ||
|---|---|---|---|
| 001 | 000008282 | ||
| 005 | 20200929161325.0 | ||
| 008 | 980929s1999 pr b s000 j spa | ||
| 020 | _a0847703665 (alk. paper) | ||
| 082 |
_aPR863.44 _bR175m |
||
| 100 | 1 |
_aRamos Rosado, Marie. _922424 |
|
| 245 | 1 | 3 |
_aLa mujer negra en la literatura puertorriqueña : _bcuentistica de los setenta : Luis Rafael Sánchez, Carmelo Rodríguez Torres, Rosario Ferré y Ana Lydia Vega / _cMarie Ramos Rosado; prólogo de José Luis Méndez. |
| 246 | 3 | 0 | _aMujer negra |
| 260 |
_aSan Juan, Puerto Rico : _bUniversidad de Puerto Rico, _c1999. |
||
| 300 |
_axvii, 397 p. ; _c21 cm. |
||
| 504 | _aIncluye referencias bibliográficas (p. [357]-397). | ||
| 650 | 4 |
_aCuentos puertorriqueños _xHistoria y crítica _922425 |
|
| 650 | 4 |
_aFicción de puerto rico _ySIGLO XX _xHistoria y crítica _922426 |
|
| 650 | 4 |
_aMujeres negras en literatura _922427 |
|
| 700 | 1 |
_aMéndez, José Luis, _eprol. _922428 |
|
| 710 | 2 |
_aEditorial Cultural _922429 |
|
| 710 | 2 |
_aInstituto de Cultura Puertorriqueña _94083 |
|
| 999 |
_c8053 _d8053 |
||
| 040 | _aDO-SdBNP | ||